| 000 | 01280pam a2200301 a 4500 | ||
|---|---|---|---|
| 001 | 3977918 | ||
| 003 | OSt | ||
| 005 | 20140310182027.0 | ||
| 008 | 950411s1995 wiua b 101 0 eng | ||
| 010 | _a 95008890 | ||
| 020 | _a0917846672 (alk. paper) | ||
| 040 |
_aDLC _cDLC _dDLC |
||
| 050 | 0 | 0 |
_aZ 675.W57 _b.W65 1995 |
| 082 | 0 | 0 |
_aHS 026.3054 _bW84 1995 |
| 110 |
_aHighsmith Press. _99983 |
||
| 245 | 0 | 0 |
_aWomen, information, and the future : _bcollecting and sharing resources worldwide / _cedited by Eva Steiner Moseley. |
| 260 |
_aFort Atkinson, Wis. : _bHighsmith Press, _cc1995. |
||
| 300 |
_a296 p. : _bill. ; _c23 cm. |
||
| 500 | _a"Proceedings of a conference sponsored by the Schlesinger Library on the History of Women in America and held at Radcliffe College 17-20 June 1994." | ||
| 504 | _aIncludes bibliographical references and index. | ||
| 650 | 0 |
_aWomen's studies libraries _xCongresses. _99984 |
|
| 700 | 1 |
_aMoseley, Eva Steiner. _99985 |
|
| 710 | 2 |
_aArthur and Elizabeth Schlesinger Library on the History of Women in America. _99986 |
|
| 906 |
_a7 _bcbc _corignew _d1 _eocip _f19 _gy-gencatlg |
||
| 942 | _2lcc | ||
| 999 |
_c8506 _d8506 |
||